US Metro Areas With Population >200,000 People but <500,000 People - Statistics

General Stats
  • This quiz has been taken 29 times
  • The average score is 74 of 115
Answer Stats
Hint Answer % Correct
249,843 Fargo
94%
433,353 Salem
94%
268,761 Amarillo
89%
204,801 Bend
89%
340,217 Lincoln
89%
321,368 Lubbock
89%
490,596 Reno
89%
276,730 Sioux Falls
89%
398,328 Anchorage
83%
469,015 Asheville
83%
258,859 Charleston
83%
213,123 Columbia
83%
384,324 Davenport-Moline-Rock Island
83%
291,638 Duluth
83%
328,981 Greeley
83%
267,114 Laredo
83%
233,802 Macon-Bibb County
83%
422,937 Manchester-Nashua
83%
227,151 Rochester
83%
488,863 Santa Rosa-Petaluma
83%
404,798 Savannah
83%
206,898 | 475,432 Springfield
83%
285,905 Wilmington
83%
276,520 Cedar Rapids
78%
382,971 Eugene-Springfield
78%
406,211 Flint
78%
359,066 Fort Collins
78%
478,384 Lafayette
78%
224,709 Lafayette-West Lafayette
78%
221,508 Las Cruces
78%
430,197 Mobile
78%
402,391 Peoria
78%
439,035 Salinas
78%
393,406 Shreveport-Bossier City
78%
233,152 Topeka
78%
277,547 Waco
78%
217,759 Athens-Clarke County
72%
397,565 Beaumont-Port Arthur
72%
330,758 Boulder
72%
268,248 College Station-Bryan
72%
421,933 Corpus Christi
72%
270,876 Erie
72%
419,601 Fort Wayne
72%
328,268 Green Bay
72%
491,723 Huntsville
72%
475,367 Killeen-Temple
72%
210,362 Lake Charles
72%
375,908 Ocala
72%
384,298 Tallahassee
72%
233,479 Tyler
72%
421,017 Brownsville-Harlingen
67%
226,611 Burlington-South Burlington
67%
401,574 Canton-Massillon
67%
320,535 Clarksville
67%
328,883 Columbus
67%
261,670 Kalamazoo-Portage
67%
204,844 Monroe
67%
386,047 Montgomery
67%
294,793 Olympia-Lacey-Tumwater
67%
324,501 South Bend-Mishawaka
67%
327,997 Spartanburg
67%
200,406 St. Cloud
67%
256,728 Yakima
67%
206,990 Yuma
67%
372,258 Ann Arbor
61%
243,147 Appleton
61%
222,696 Champaign-Urbana
61%
487,722 Myrtle Beach-Conway-North Myrtle Beach
61%
487,657 Pt. St. Lucie
61%
315,251 Roanoke
61%
338,798 Rockford
61%
268,674 Tuscaloosa
61%
473,117 Visalia
61%
274,534 Atlantic City-Hammonton
56%
228,831 Bellingham
56%
314,049 Evansville
56%
244,310 Fort Smith
56%
207,369 | 339,247 Gainesville
56%
359,862 Huntington-Ashland
56%
223,734 Medford
56%
281,202 Merced
56%
428,849 Reading
56%
418,046 Salisbury
56%
282,424 San Luis Obispo-Paso Robles
56%
270,861 Santa Cruz-Watsonville
56%
387,340 Trenton-Princeton
56%
453,491 Vallejo
56%
275,611 Bremerton-Silverdale-Port Orchard
50%
208,068 Johnson City
50%
303,622 Kennewick-Richland
50%
261,593 Lynchburg
50%
292,264 Utica-Rome
50%
247,138 Binghamton
44%
208,309 Chico
44%
365,276 Hickory-Lenoir-Morganton
44%
206,160 Jacksonville
44%
307,614 Kingsport-Bristol
44%
286,184 Longview
44%
375,752 Naples-Marco Island
44%
448,229 Santa Maria-Santa Barbara
44%
456,438 York-Hanover
44%
293,844 Hagerstown-Martinsburg
39%
222,072 Hilton Head Island-Bluffton
39%
206,212 Houma-Thibodaux
39%
217,692 Lake Havasu City-Kingman
39%
222,688 Charlottesville
33%
231,767 Daphne-Fairhope-Foley
22%
206,921 Elkhart-Goshen
22%
416,259 Gulfport-Biloxi
22%
268,555 Norwich-New London
22%
236,209 Prescott Valley-Prescott
22%
286,973 Crestview-Fort Walton Beach-Destin
17%
232,411 Barnstable Town
11%
No matching quizzes found
Score Distribution
Percent of People with Each Score
Percentile by Number Answered
Your Score History
You have not taken this quiz